00399cam a22001217a 4500008004000000082001600040100003100056245006800087260003200155300001000187500002600197700005400223180718b1987 xxu||||| |||| 00| 0 eng d aLsx54 R299r aIndia. Planning Commission aReport of the group of officials on centrally sponsored schemes aNew DelhibThe authorc1987 a121p. aChairman: J.S. Baijal aBaijal, J.S. (Chairman of the Group of Officials)